ბათუმის შოთა რუსთაველის სახელმწიფო უნივერსიტეტის ბიბლიოთეკა

საუკუნეთა კვალდაკვალ (ბიბ.ჩანაწერი № 49767)

000 -LEADER
fixed length control field 00875nam a2200217Ia 4500
001 - CONTROL NUMBER
control field 16702
003 - CONTROL NUMBER IDENTIFIER
control field GE_BSU
008 - FIXED-LENGTH DATA ELEMENTS--GENERAL INFORMATION
fixed length control field 181216s||||||||xx |||||||||||||| ||und||
040 ## - CATALOGING SOURCE
Transcribing agency GE_BSU
080 ## - UNIVERSAL DECIMAL CLASSIFICATION NUMBER
Universal Decimal Classification number 930 + 94(3)
100 ## - MAIN ENTRY--PERSONAL NAME
Personal name კაჟდანი, ა.
245 ## - TITLE STATEMENT
Title საუკუნეთა კვალდაკვალ
245 ## - TITLE STATEMENT
Statement of responsibility, etc. თარგმნა ც. ხუბულავამ ; ილ.: ნ. ანტოკოლსკაია და ბ. ბელოვა. რედ. მ.გვარამია
260 ## - PUBLICATION, DISTRIBUTION, ETC.
Place of publication, distribution, etc. თბილისი
260 ## - PUBLICATION, DISTRIBUTION, ETC.
Name of publisher, distributor, etc. ნაკადული
260 ## - PUBLICATION, DISTRIBUTION, ETC.
Date of publication, distribution, etc. 1967
300 ## - PHYSICAL DESCRIPTION
Extent 214გვ. : ილ. ; 20სმ.
653 ## - INDEX TERM--UNCONTROLLED
Uncontrolled term ისტორიოგრაფია; ძველი მსოფლიოს ისტორია;
653 ## - INDEX TERM--UNCONTROLLED
Uncontrolled term საუკუნეთა კვალდაკვალ
942 ## - ADDED ENTRY ELEMENTS (KOHA)
Koha item type წიგნი
ეგზემპლარები
Withdrawn status Lost status Damaged status Not for loan Date acquired Barcode Date last seen Price effective from Koha item type
        2018-12-17 21289 2018-12-17 2018-12-17 წიგნი